000 00499nam a2200181 a 4500
001 8817
005 20180713192755.0
008 140415s1990 xxu 000 0 eng d
041 _aeng
082 _a004.68
_bCUR
100 1 _aCURRID, CHERYL C.
245 1 0 _aMASTERING NOVELL NETWARE
250 _a1a ed.
260 _aESTADOS UNIDOS DE AMERICA :
_bSYBEX,
_c1990
300 _a419
650 1 4 _aREDES DE COMPUTACION
_xREDES DE PROGRAMACION
700 1 _aGILLET, CRAIG A.
_ecoaut.
999 _c8817
_d8817